№ 3; Нефтяное хозяйство

Bibliografiske detaljer
Parent link:Нефтяное хозяйство: научно-технический производственный журнал. № 3.— , 1925-1940, 1946-.— 0028-2448
Sprog:russisk
Udgivet: 2013
Format: Bog
KOHA link:https://koha.lib.tpu.ru/cgi-bin/koha/opac-detail.pl?biblionumber=504519

MARC

LEADER 00000nam2a2200000 4500
001 504519
005 20231101102812.0
035 |a (RuTPU)RU\TPU\prd\175313 
090 |a 504519 
100 |a 20130416a19259999km y0rusy50 ca 
101 0 |a rus 
102 |a RU 
200 0 |a № 3 
210 |d 2013 
461 1 |0 (RuTPU)RU\TPU\prd\1638  |x 0028-2448  |t Нефтяное хозяйство  |o научно-технический производственный журнал  |v № 3  |d 1925-1940, 1946- 
801 0 |a RU  |b 63413507  |c 20010227  |g PSBO 
801 1 |a RU  |b 63413507  |c 20130416 
801 2 |a RU  |b 63413507  |c 20230524  |g RCR 
942 |c BK 
999 |a НТБ_ТПУ  |b НФ  |e -1/20130109  |p П-1602  |s 5/20121010  |u 0,00  |v 1